000 00713na a2200217 4500
001 19119
003 MIRAKIL
005 20181213155055.0
008 161208b tu 000 0
020 _a9789944512824
040 _aMilas
_btur
_cTR-AnCHP
041 _atur
082 _a372.1
_bT96 2007
090 _a372.1 T96 2007
245 _aTürkiye'de okul öncesi eğitim ve ilköğretim sistemi
_bTemel sorunlar ve çözüm önerileri özet rapor
_cTürk Eğitim Derneği
260 _aAnkara
_bTürk Eğitim Derneği
_c2007
300 _axv, 87 s.
_btbl.
_c25 sm.
650 _aİlk öğretim
_xİlköğretimin organizasyonu
_yRaporlar
_zTürkiye
710 _aTürk Eğitim Derneği
942 _2dcc
_cBKS
999 _c6069
_d6069